Guess the 5 Seconds of Summer song with no hints #6 5SOS - Statistics

General Stats
  • This quiz has been taken 69 times
  • The average score is 209 of 304
Answer Stats
Answer % Correct
a
98%
I
98%
you
98%
You
98%
an
88%
the
85%
to
85%
And
83%
In
81%
in
81%
know
81%
We
81%
it
79%
Your
79%
your
79%
don't
75%
I'm
75%
so
75%
there
75%
my
73%
of
73%
that
73%
too
73%
too?
73%
we're
73%
got
71%
heart
71%
If
71%
on
71%
say
71%
is
69%
look
69%
now
69%
out,
69%
out
69%
all
67%
down,
67%
down
67%
perfect
67%
standing
67%
American
65%
you'll
65%
young
65%
Apparel
63%
But
63%
just
63%
name
63%
stain
63%
this
63%
underwear
63%
want
63%
was
63%
work
63%
around
60%
arrow
60%
art
60%
for
60%
get
60%
hey
60%
(Hey!)
60%
Hey-hey,
60%
hey-hey,
60%
lipstick
60%
move,
60%
They
60%
up
60%
wanna
60%
drown
58%
honey
58%
tattooed
58%
us
58%
Would
58%
away
56%
give
56%
swim,
56%
with
56%
Cause
54%
I've
54%
Let's
54%
let's
54%
run
54%
really
52%
Simmer
52%
simmer
52%
damn
50%
floor
50%
jeans
50%
skinny
50%
hard
48%
here
48%
keep
48%
made
48%
ripped
48%
diamond
46%
lying
46%
plane
46%
ticket
46%
anything
44%
else
44%
mixtape
44%
myself
44%
ring
44%
shiny
44%
thinkin'
44%
94
42%
found
42%
showed
42%
only
40%
While
40%
alone,
38%
amount
38%
deadbeat
38%
straight
38%
worked
38%
town's
35%
No matching quizzes found
Score Distribution
Percent of People with Each Score
Percentile by Number Answered
Your Score History
You have not taken this quiz